| 000 | 00445cam a2200193ua 4500 | ||
|---|---|---|---|
| 001 | 3989 | ||
| 005 | 20260515113752.0 | ||
| 008 | 111212n ii |||gr||||Z||||||asm | ||
| 040 | _cMAIN | ||
| 082 | _a891.4511 | ||
| 100 | 1 | _aGuh, Amlandu, | |
| 245 | 1 | 1 |
_aTumaloi _cby Amlandu Guh |
| 250 | _a2nd. | ||
| 260 |
_aKolkata: _bSree Bhumi Publishing Co.,964. |
||
| 300 |
_a50p: _c23cm. |
||
| 653 | _aAssamese poem | ||
| 653 | _aTumaloi | ||
| 942 | _cBK | ||
| 999 |
_c3809 _d3809 |
||